| 000 | 01371nam a2200277 i 4500 | ||
|---|---|---|---|
| 001 | 115497 | ||
| 003 | ES-MaACL | ||
| 005 | 20250806070426.0 | ||
| 007 | t| | ||
| 008 | 070312m18811882sp |||| | spa d | ||
| 100 | 1 |
_aGuislain, Joseph. _960903 |
|
| 245 | 1 | 0 |
_aLecciones orales sobre las frenopatías, o Tratado teórico y práctico de las enfermedades mentales _b: curso dado en la clínica de los establecimientos de enagenados de Gante / _cpor J. Guislain ; versión española de M. Carreras Sanchis y J. Torres Fabregat ; con un prólogo de José Esquerdo y Zaragoza y una carta dirigida a dicho señor sobre los conflictos entre la frenopatía y el Código por Ángel Pulido Fernández. |
| 246 | 3 | 0 | _aTratado teórico y práctico de las enfermedades mentales |
| 260 |
_aMadrid : _b[s. n.], _c1881-1882 ( _fImp. de Enrique Teodoro) |
||
| 300 |
_a2 v. ; _c23 cm. |
||
| 490 | 1 | _aBiblioteca económica de medicina y cirujía | |
| 650 | 7 |
_aEnfermedades mentales _2embne _912263 |
|
| 650 | 4 |
_aPsicosis. _9146480 |
|
| 700 | 1 |
_aCarreras Sanchís, Manuel. _935680 |
|
| 700 | 1 |
_aTorres Fabregat, Joaquín. _9110955 |
|
| 700 | 1 |
_aPulido, Ángel, _d1852-1932 _9149324 |
|
| 700 | 1 |
_aEsquerdo, José María ( _d1842-1912) _9152584 |
|
| 830 | 0 |
_aBiblioteca económica de medicina y cirujía _9186248 |
|
| 852 |
_aES-MaACL _jB-12707-08 |
||
| 999 |
_c115497 _d115497 |
||